| 000 | 00522nam a22001817a 4500 | ||
|---|---|---|---|
| 999 |
_c187507 _d187507 |
||
| 005 | 20220421123842.0 | ||
| 010 | _aENG-132349 | ||
| 020 |
_a978192557335 _c700.00 |
||
| 035 | _aEN-115881 | ||
| 037 | _bDBAD/PUB | ||
| 082 | _a613.7 | ||
| 100 | _aDarbari, Vipul | ||
| 245 |
_aFittness On The Go/ _cVipul Darbari |
||
| 260 |
_aNew Delhi _bPawan Publication _c2016 |
||
| 270 |
_aH-1/48, Bengali Colony, Mahaveer Enclave _bNew Delhi _e110045 |
||
| 300 |
_a240p. _c22cm(hbk) |
||
| 942 |
_2ddc _cEN _h613.7 _mDAR |
||